000
00185nam a2200073Ia 4500
008
170620s9999 xx 000 0 und d
100
_a
KUMAR KEVAL J
245
0
_a
MASS COMMUNICATION IN INDIA
260
_b
NEW DELHI JAICO
999
_c
30203
_d
30203